书目信息 |
| 题名: |
国际体系与国内政治
|
|
| 作者: | 陈志瑞 , 刘丰 主编 | |
| 分册: | ||
| 出版信息: | 北京 北京大学出版社 2015 |
|
| 页数: | 504页 | |
| 开本: | 23cm | |
| 丛书名: | 世界政治研究丛书 | |
| 单 册: | ||
| 中图分类: | D801 | |
| 科图分类: | ||
| 主题词: | 对外政策--dui wai zheng ce--研究 | |
| 电子资源: | ||
| ISBN: | 978-7-301-25800-2 | |
| 000 | 01485nam0 22003011 450 | |
| 001 | 0116132801 | |
| 005 | 20161219100335.03 | |
| 010 | @a978-7-301-25800-2@dCNY78.00 | |
| 100 | @a20150814d2015 em y0chiy50 ea | |
| 101 | 0 | @achi |
| 102 | @aCN@b110000 | |
| 105 | @aa z 000yy | |
| 106 | @ar | |
| 200 | 1 | @a国际体系与国内政治@9guo ji ti xi yu guo nei zheng zhi@e新古典现实主义的探索@dInternational system and domestic politics@eexplorations of neoclassical realism@f陈志瑞, 刘丰主编@zeng |
| 210 | @a北京@c北京大学出版社@d2015 | |
| 215 | @a504页@c图@d23cm | |
| 225 | 2 | @a世界政治研究丛书@9shi jie zheng zhi yan jiu cong shu |
| 300 | @a本书系教育部人文社会科学研究规划基金项目“新古典现实主义与外交政策理论的新发展”结项成果,并得到外交学院2014年度出版资助 | |
| 330 | @a本书集中探究新古典现实主义兴起的学术背景,厘清其理论主张、特点,分析其对外交政策理论化的贡献及其不足,并且从中国视角对其加以评析和修正,阐发对于中国外交的重要理论和实践意义。在国内,本书将是首次汇聚并集中反映国内外新古典现实主义在理论阐释和经验研究方面的最新和重要成果。 | |
| 461 | 0 | @12001 @a世界政治研究丛书 |
| 510 | 1 | @aInternational system and domestic politics@eexplorations of neoclassical realism@zeng |
| 517 | 1 | @a新古典现实主义的探索@9xin gu dian xian shi zhu yi de tan suo |
| 606 | 0 | @a对外政策@9dui wai zheng ce@x研究 |
| 690 | @aD801@v5 | |
| 701 | 0 | @a陈志瑞@9chen zhi rui@4主编 |
| 701 | 0 | @a刘丰@9liu feng@4主编 |
| 801 | 0 | @CN@TANGWEI@20160510 |
| 905 | @b0953098-101@dD801@e117@f4 | |
| 国际体系与国内政治:新古典现实主义的探索=International system and domestic politics:explorations of neoclassical realism/陈志瑞, 刘丰主编.-北京:北京大学出版社,2015 |
| 504页:图;23cm.-(世界政治研究丛书) |
| 本书系教育部人文社会科学研究规划基金项目“新古典现实主义与外交政策理论的新发展”结项成果,并得到外交学院2014年度出版资助 |
| ISBN 978-7-301-25800-2:CNY78.00 |
| 本书集中探究新古典现实主义兴起的学术背景,厘清其理论主张、特点,分析其对外交政策理论化的贡献及其不足,并且从中国视角对其加以评析和修正,阐发对于中国外交的重要理论和实践意义。在国内,本书将是首次汇聚并集中反映国内外新古典现实主义在理论阐释和经验研究方面的最新和重要成果。 |
| ● |
| 相关链接 |
|
|
|
|
正题名:国际体系与国内政治
索取号:D801/117
 
预约/预借
| 序号 | 登录号 | 条形码 | 馆藏地/架位号 | 状态 | 备注 |
| 1 | 0953098 | 209530989 | 第一样本阅览室/ [索取号:D801/117] | 在馆 | |
| 2 | 0953099 | 209530998 | 第一借阅区/ [索取号:D801/117] | 在馆 | |
| 3 | 0953100 | 209531005 | 第一借阅区/ [索取号:D801/117] | 在馆 | |
| 4 | 0953101 | 209531014 | 第一借阅区/ [索取号:D801/117] | 在馆 |